书目信息 |
| 题名: |
母语教育行思录
|
|
| 作者: | 刘笑天 著 | |
| 分册: | ||
| 出版信息: | 济南 山东教育出版社 2019.04 |
|
| 页数: | 189页, [1] 叶图版 | |
| 开本: | 24cm | |
| 丛书名: | ||
| 单 册: | ||
| 中图分类: | G633.302 | |
| 科图分类: | ||
| 主题词: | 中学语文课--zhong xue yu wen ke--教学研究 | |
| 电子资源: | ||
| ISBN: | 978-7-5701-0437-6 | |
| 000 | 00838nam0 2200241 450 | |
| 001 | 012001002316 | |
| 005 | 20140202133811.0 | |
| 010 | @a978-7-5701-0437-6@dCNY28.00 | |
| 099 | @aCAL 012020001480 | |
| 100 | @a20220905d2019 em y0chiy50 ea | |
| 101 | 0 | @achi |
| 102 | @aCN@b370000 | |
| 105 | @aacf z 000yy | |
| 106 | @ar | |
| 200 | 1 | @a母语教育行思录@Amu yu jiao yu xing si lu@f刘笑天著 |
| 210 | @a济南@c山东教育出版社@d2019.04 | |
| 215 | @a189页, [1] 叶图版@c图, 肖像@d24cm | |
| 330 | @a本书分为五个专题,分别为母语教育整体思考、课程建设和教材使用探究、基于课堂的教学实践反思、读写教学与考试建构、教室里的“革命轨迹”。 | |
| 606 | 0 | @a中学语文课@Azhong xue yu wen ke@x教学研究 |
| 690 | @aG633.302@v5 | |
| 701 | 0 | @a刘笑天@Aliu xiao tian@c(基础教育)@4著 |
| 801 | 0 | @aCN@bAHXH@c20221111 |
| 905 | @b1367892-6@dG633.302@e1004@f5 | |
| 母语教育行思录/刘笑天著.-济南:山东教育出版社,2019.04 |
| 189页, [1] 叶图版:图, 肖像;24cm |
| ISBN 978-7-5701-0437-6:CNY28.00 |
| 本书分为五个专题,分别为母语教育整体思考、课程建设和教材使用探究、基于课堂的教学实践反思、读写教学与考试建构、教室里的“革命轨迹”。 |
| ● |
| 相关链接 |
|
|
|
|
正题名:母语教育行思录
索取号:G633.302/1004
 
预约/预借
| 序号 | 登录号 | 条形码 | 馆藏地/架位号 | 状态 | 备注 |
| 1 | 1367892 | 213678929 | 第一样本阅览室/ [索取号:G633.302/1004] | 在馆 | |
| 2 | 1367893 | 213678938 | 教育系资料室/ [索取号:G633.302/1004] | 在馆 | |
| 3 | 1367894 | 213678947 | 教育系资料室/ [索取号:G633.302/1004] | 在馆 | |
| 4 | 1367895 | 213678956 | 第四借阅区/ [索取号:G633.302/1004] | 在馆 | |
| 5 | 1367896 | 213678965 | 第四借阅区/ [索取号:G633.302/1004] | 在馆 |